• 首页
  • 本馆介绍
  • 公告通知
  • 最新文献
  • 馆藏检索
  • 电子资源
  • 读者导购
  • 参考咨询
  • 我的图书馆
  • 登录
  • 详细信息显示
  • 放入我的书架
  • 预约/预借图书
  • 作者相关作品
  • 分类相关作品
  • 丛书相关作品
  • 出版社相关作品

书目信息

  • 表格格式
  • 工作单格式
  • 卡片格式
题名:
线性代数与概率统计
    
 
作者: 刘忠志 , 凌卫平 编著
分册:  
出版信息: 北京   北京交通大学出版社  2016.6
页数: 190页
开本: 26cm
丛书名:
单 册:
中图分类: O151.2 , O21
科图分类:
主题词: 线性代数--高等学校--教材 , 概率论--高等学校--教材 , 数理统计--高等学校--教材
电子资源:
ISBN: 978-7-5121-2756-2
000 01015nam0 2200289 450
001 0400004225
005 20171023160242.0
010    @a978-7-5121-2756-2@dCNY31.00
100    @a20161213d2016 em y0chiy50 ea
101 0  @achi
102    @aCN@b110000
105    @ay z 000yy
106    @ar
200 1  @a线性代数与概率统计@9xian xing dai shu yu gai lv tong ji@f刘忠志,凌卫平编著
210    @a北京@c北京交通大学出版社@d2016.6
215    @a190页@d26cm
300    @a“十二五”高等院校精品规划教材
330    @a本书内容共分10章,主要包括行列式、矩阵与线性方程组、n维向量与线性方程组、随机事件及其概率、随机变量及其分布、随机变量的数字特征、大数定律和中心极限定理、参数估计、假设检验等。
606 0  @a线性代数@x高等学校@j教材
606 0  @a概率论@x高等学校@j教材
606 0  @a数理统计@x高等学校@j教材
690    @aO151.2@v5
690    @aO21@v5
701  0 @a刘忠志@9liu zhong zhi@4编著
701  0 @a凌卫平@9ling wei ping@4编著
801  0 @aCN@b91MARC@c20171023
905    @b1037345-9@dO151.2@f5@e380
    
    线性代数与概率统计/刘忠志,凌卫平编著.-北京:北京交通大学出版社,2016.6
    190页;26cm
    “十二五”高等院校精品规划教材
    
    ISBN 978-7-5121-2756-2:CNY31.00
    本书内容共分10章,主要包括行列式、矩阵与线性方程组、n维向量与线性方程组、随机事件及其概率、随机变量及其分布、随机变量的数字特征、大数定律和中心极限定理、参数估计、假设检验等。
●
相关链接 在E读中查询图书 在五车中查询图书 在当当中查询图书 在豆瓣中查询图书


正题名:线性代数与概率统计     索取号:O151.2/380         预约/预借

序号 登录号 条形码 馆藏地/架位号 状态 备注
1 1037345   210373451   第二样本阅览室/ [索取号:O151.2/380] 在馆    
2 1037346   210373460   密集书库-数信学院/ [索取号:O151.2/380] 在馆    
3 1037347   210373479   第三借阅区/ [索取号:O151.2/380] 在馆    
4 1037348   210373488   第三借阅区/ [索取号:O151.2/380] 在馆    
5 1037349   210373497   第三借阅区/ [索取号:O151.2/380] 在馆    
唐山师范学院图书馆 欢迎您!
大连网信软件有限公司© 版权所有